[Event "Hessenliga 1819"]
[Site "Hessen"]
[Date "2019.03.11"]
[Round "7.7"]
[White "Haenisch, Uwe"]
[Black "Bahlke, Wolfgang"]
[Result "0-1"]
[WhiteElo "2221"]
[BlackElo "2141"]
[PlyCount "78"]
[EventDate "2018.09.23"]
[EventType "team-tourn"]
[EventRounds "9"]
[EventCountry "GER"]
[SourceTitle "EXT 2020"]
[Source "ChessBase"]
[SourceDate "2019.10.17"]
[SourceVersion "1"]
[SourceVersionDate "2019.10.17"]
[SourceQuality "1"]
[WhiteTeam "Bad Emstal/Wolfhagen"]
[BlackTeam "Dettingen"]
[WhiteTeamCountry "GER"]
[BlackTeamCountry "GER"]

1. e4 c5 2. Nc3 Nc6 3. g3 g6 4. Bg2 Bg7 5. d3 e6 6. Be3 d6 7. Qd2 Nge7 8. Bh6 0-0 9. h4 Bxh6 10. Qxh6 f6 11. Qd2 b5 12. Nxb5 Rb8 13. c4 d5 14. Rd1 d4 15. b3 a6 16. Na3 Ne5 17. Nc2 Bb7 18. f4 Ng4 19. Bf3 h5 20. Bxg4 hxg4 21. h5 f5 22. hxg6 Nxg6 23. Rh6 Kg7 24. Qh2 Rh8 25. Rxh8 Nxh8 26. exf5 exf5 27. Qh5 Qa5+ 28. Rd2 Rf8 29. Kd1 Ng6 30. Re2 Qc3 31. Qg5 Qxd3+ 32. Kc1 Be4 33. b4 Rh8 34. Ne1 Qb1+ 35. Kd2 Qxa2+ 36. Kd1 Qb1+ 37. Kd2 Qxb4+ 38. Kd1 Qb1+ 39. Kd2 Rb8 0-1

[Event "Hessenliga 1819"]
[Site "Hessen"]
[Date "2019.02.17"]
[Round "6.7"]
[White "Bahlke, Wolfgang"]
[Black "Riebel, Werner"]
[Result "1/2-1/2"]
[WhiteElo "2141"]
[BlackElo "2115"]
[PlyCount "83"]
[EventDate "2018.09.23"]
[EventType "team-tourn"]
[EventRounds "9"]
[EventCountry "GER"]
[SourceTitle "EXT 2020"]
[Source "ChessBase"]
[SourceDate "2019.10.17"]
[SourceVersion "1"]
[SourceVersionDate "2019.10.17"]
[SourceQuality "1"]
[WhiteTeam "Dettingen"]
[BlackTeam "Bensheim"]
[WhiteTeamCountry "GER"]
[BlackTeamCountry "GER"]

1. e4 c5 2. Nf3 a6 3. d4 cxd4 4. Nxd4 Nf6 5. Nc3 e5 6. Nf3 Bb4 7. Bd2 d6 8. Bc4 Qc7 9. Qe2 Bg4 10. h3 Bxf3 11. gxf3 Nc6 12. a3 Nd4 13. Qd3 Ba5 14. Ba2 Rc8 15. Rc1 0-0 16. Nd5 Bxd2+ 17. Kxd2 Nxd5 18. Bxd5 Qb6 19. b4 Rc7 20. c3 Ne6 21. Qe3 Qb5 22. c4 Qa4 23. Bxe6 fxe6 24. Rhg1 a5 25. Qb6 Rcf7 26. Rc3 axb4 27. Qxb4 Qa7 28. Ke2 d5 29. cxd5 exd5 30. exd5 Qa6+ 31. Ke1 e4 32. Rg3 exf3 33. Re3 Qf6 34. Qc3 Qf5 35. Qd3 Qf6 36. Qc3 Qb6 37. Rexf3 Qb1+ 38. Ke2 Qa2+ 39. Kf1 Qxd5 40. Rxf7 Rxf7 41. Kg1 h6 42. Qd3 1/2-1/2

[Event "Hessenliga 1819"]
[Site "Hessen"]
[Date "2018.11.18"]
[Round "3.6"]
[White "Kretner, Georg Ulrich"]
[Black "Bahlke, Wolfgang"]
[Result "1/2-1/2"]
[WhiteElo "1882"]
[BlackElo "2141"]
[PlyCount "107"]
[EventDate "2018.09.23"]
[EventType "team-tourn"]
[EventRounds "9"]
[EventCountry "GER"]
[SourceTitle "EXT 2020"]
[Source "ChessBase"]
[SourceDate "2019.10.17"]
[SourceVersion "1"]
[SourceVersionDate "2019.10.17"]
[SourceQuality "1"]
[WhiteTeam "Bad Nauheim"]
[BlackTeam "Dettingen"]
[WhiteTeamCountry "GER"]
[BlackTeamCountry "GER"]

1. d4 Nf6 2. Nf3 g6 3. c4 Bg7 4. g3 0-0 5. Bg2 d6 6. 0-0 Nc6 7. Nc3 Rb8 8. h3 a6 9. e4 b5 10. Qe2 b4 11. Na4 Bd7 12. b3 Ne8 13. Be3 e5 14. dxe5 Nxe5 15. Nxe5 Bxe5 16. Nb2 Qc8 17. Kh2 Bc6 18. Rad1 f5 19. Bh6 Bg7 20. Bxg7 Nxg7 21. c5 dxc5 22. Qc4+ Qe6 23. exf5 Qxc4 24. Nxc4 Bxg2 25. Kxg2 Nxf5 26. Rd7 Rf7 27. Rd5 Re8 28. Rxc5 Re2 29. Ra5 Rf6 30. g4 Nd4 31. Ne3 c5 32. Nd5 Rd6 33. Nc7 Re7 34. Rxc5 Ne6 35. Nxe6 Rexe6 36. Rfc1 Kf7 37. R1c2 h6 38. R5c4 Rb6 39. Kg3 g5 40. h4 Red6 41. Re2 Rd3+ 42. Kg2 gxh4 43. Rf4+ Kg6 44. f3 Rf6 45. Rxf6+ Kxf6 46. f4 Rg3+ 47. Kh2 Rxg4 48. Rc2 Rxf4 49. Rc6+ Ke5 50. Rxa6 Rf2+ 51. Kh3 Kd4 52. a3 Ra2 53. Ra4 Rxa3 54. Rxb4+ 1/2-1/2

[Event "Hessenliga 1718"]
[Site "Hessen"]
[Date "2018.03.11"]
[Round "8.4"]
[White "Lesny, Florian"]
[Black "Bahlke, Wolfgang"]
[Result "1-0"]
[WhiteElo "1997"]
[BlackElo "2141"]
[PlyCount "62"]
[EventDate "2017.09.17"]
[EventType "team-tourn"]
[EventRounds "9"]
[EventCountry "GER"]
[SourceTitle "CBM 189 Extra"]
[Source "ChessBase"]
[SourceDate "2019.05.31"]
[SourceVersion "1"]
[SourceVersionDate "2019.05.31"]
[SourceQuality "1"]
[WhiteTeam "Niederbrechen"]
[BlackTeam "Dettingen"]
[WhiteTeamCountry "GER"]
[BlackTeamCountry "GER"]

1. e4 c5 2. Nf3 d6 3. d4 cxd4 4. Nxd4 Nf6 5. Nc3 e6 6. Be3 a6 7. Be2 Be7 8. 0-0 0-0 9. f4 Nc6 10. Qe1 e5 11. Nxc6 bxc6 12. fxe5 dxe5 13. Qg3 Qa5 14. Bg5 Kh8 15. Kh1 Ng8 16. Bc4 Bxg5 17. Qxg5 f6 18. Qe3 Bg4 19. Qg3 Bh5 20. Qh3 Bg6 21. Rad1 Rfd8 22. Qe6 Nh6 23. Qxc6 Ng4 24. Rxd8+ Rxd8 25. Bd3 Be8 26. Qxa6 Qc5 27. h3 Nf2+ 28. Kh2 f5 29. exf5 Qe3 30. Qc4 Rd4 31. Qc8 h6 1-0

[Event "Hessenliga 1617"]
[Site "Hessen"]
[Date "2016.12.11"]
[Round "4.5"]
[White "Sunder, Thomas"]
[Black "Bahlke, Wolfgang"]
[Result "1-0"]
[WhiteElo "2188"]
[BlackElo "2141"]
[PlyCount "81"]
[EventDate "2016.09.18"]
[EventType "team-tourn"]
[EventRounds "9"]
[EventCountry "GER"]
[SourceTitle "EXT 2018"]
[Source "ChessBase"]
[SourceDate "2017.10.13"]
[SourceVersion "1"]
[SourceVersionDate "2017.10.13"]
[SourceQuality "1"]
[WhiteTeam "Giessen"]
[BlackTeam "Dettingen"]
[WhiteTeamCountry "GER"]
[BlackTeamCountry "GER"]

1. e4 c5 2. c4 Nc6 3. Nc3 g6 4. g3 Bg7 5. Bg2 d6 6. Nge2 h5 7. h3 Nf6 8. d3 0-0 9. 0-0 Ne8 10. Rb1 Rb8 11. a3 a5 12. f4 e6 13. Kh2 Nc7 14. Be3 Bd4 15. Bxd4 Nxd4 16. Nxd4 cxd4 17. Ne2 e5 18. Qd2 Ra8 19. f5 Qf6 20. h4 Ne8 21. Rf3 Qg7 22. Bh3 Nf6 23. Qg5 Nh7 24. Qe7 f6 25. Qxd6 g5 26. Rf2 g4 27. Bf1 Qh6 28. Nc1 Ra6 29. Qd5+ Kh8 30. c5 Ng5 31. hxg5 Qxg5 32. Qc4 Kg7 33. Qc2 h4 34. Qd2 Qh5 35. Kg1 hxg3 36. Rg2 Rh8 37. Rxg3 Qh1+ 38. Kf2 Rh4 39. Bg2 Qh2 40. Ne2 Bxf5 41. Rh1 1-0

[Event "Hessenliga 1617"]
[Site "Hessen"]
[Date "2016.10.09"]
[Round "2.5"]
[White "Mueller, Thorsten"]
[Black "Bahlke, Wolfgang"]
[Result "1-0"]
[WhiteElo "2123"]
[BlackElo "2141"]
[PlyCount "101"]
[EventDate "2016.09.18"]
[EventType "team-tourn"]
[EventRounds "9"]
[EventCountry "GER"]
[SourceTitle "EXT 2018"]
[Source "ChessBase"]
[SourceDate "2017.10.13"]
[SourceVersion "1"]
[SourceVersionDate "2017.10.13"]
[SourceQuality "1"]
[WhiteTeam "Offenbach"]
[BlackTeam "Dettingen"]
[WhiteTeamCountry "GER"]
[BlackTeamCountry "GER"]

1. d4 Nf6 2. Nf3 g6 3. Bf4 Bg7 4. e3 0-0 5. Be2 d6 6. h3 Nfd7 7. c3 Nc6 8. 0-0 e5 9. Bh2 Qe7 10. Na3 a6 11. Rc1 f5 12. Nc4 e4 13. Nfd2 Kh8 14. Nb3 Rf6 15. d5 Nce5 16. Nxe5 Nxe5 17. c4 g5 18. Nd2 Bd7 19. c5 dxc5 20. Bxe5 Qxe5 21. Rxc5 Qd6 22. Qc2 Rh6 23. Rxc7 g4 24. Bxg4 fxg4 25. Nxe4 Qg6 26. Rxd7 Be5 27. Rc1 Rg8 28. Nd6 Bxd6 29. Qc3+ Qf6 30. Qxf6+ Rxf6 31. hxg4 Rxg4 32. Rxb7 Rb4 33. Rxb4 Bxb4 34. Rc7 Bd6 35. Rb7 Rf5 36. e4 Re5 37. f3 Re7 38. Rxe7 Bxe7 39. Kf2 Kg7 40. Ke3 Kf6 41. f4 Bb4 42. g4 h6 43. e5+ Kf7 44. Ke4 Bd2 45. f5 Bc1 46. b3 Bb2 47. d6 Ba1 48. Kd5 Bc3 49. e6+ Ke8 50. Kc6 Bd4 51. b4 1-0

[Event "Hessenliga 1516"]
[Site "Germany"]
[Date "2016.01.17"]
[Round "5.4"]
[White "Chandler, Patrick"]
[Black "Bahlke, Wolfgang"]
[Result "0-1"]
[WhiteElo "2172"]
[BlackElo "2183"]
[PlyCount "112"]
[EventDate "2015.09.27"]
[EventType "team-tourn"]
[EventRounds "9"]
[EventCountry "GER"]
[SourceTitle "EXT 2018"]
[Source "ChessBase"]
[SourceDate "2017.10.13"]
[SourceVersion "1"]
[SourceVersionDate "2017.10.13"]
[SourceQuality "1"]
[WhiteTeam "Gelnhausen"]
[BlackTeam "Dettingen"]
[WhiteTeamCountry "GER"]
[BlackTeamCountry "GER"]

1. e4 c5 2. Nf3 d6 3. Bc4 Nf6 4. Nc3 e6 5. d4 cxd4 6. Nxd4 a6 7. a4 Qc7 8. Qe2 Nc6 9. Be3 Be7 10. f3 0-0 11. Bb3 Re8 12. Qf2 Bd7 13. Nde2 b5 14. 0-0 b4 15. Nb1 Rab8 16. Nd2 Na5 17. Rfc1 d5 18. exd5 exd5 19. Bf4 Bd6 20. Bxd6 Qxd6 21. Nd4 Rbc8 22. Rd1 Qf4 23. Nf1 h5 24. g3 Qg5 25. Qd2 Qg6 26. Qf4 Nxb3 27. cxb3 Nh7 28. h4 Nf8 29. Ne3 Rxe3 30. Qxe3 Qxg3+ 31. Kh1 Qxh4+ 32. Kg1 Qg3+ 33. Kh1 Qh3+ 34. Kg1 Qg3+ 35. Kh1 Qh4+ 36. Kg1 Ng6 37. Qf2 Qg5+ 38. Kh1 Nf4 39. Qg1 Qf6 40. Rac1 Rxc1 41. Rxc1 Bh3 42. Kh2 Bg4 43. Qe1 Be6 44. Rd1 h4 45. Rd2 h3 46. Nc6 Nh5 47. Qe3 Qh4 48. Qe5 Nf4 49. Nd4 Ng6 50. Qg3 Qh6 51. Re2 Nf4 52. Rc2 Qf6 53. Nxe6 fxe6 54. Rc8+ Kh7 55. Qg4 d4 56. Kg3 d3 0-1

[Event "Hessenliga 1516"]
[Site "Germany"]
[Date "2015.11.22"]
[Round "3.6"]
[White "Rosenberger, Frank"]
[Black "Bahlke, Wolfgang"]
[Result "1/2-1/2"]
[WhiteElo "2044"]
[BlackElo "2183"]
[PlyCount "112"]
[EventDate "2015.09.27"]
[EventType "team-tourn"]
[EventRounds "9"]
[EventCountry "GER"]
[SourceTitle "EXT 2018"]
[Source "ChessBase"]
[SourceDate "2017.10.13"]
[SourceVersion "1"]
[SourceVersionDate "2017.10.13"]
[SourceQuality "1"]
[WhiteTeam "Gernsheim"]
[BlackTeam "Dettingen"]
[WhiteTeamCountry "GER"]
[BlackTeamCountry "GER"]

1. e4 c5 2. Nf3 d6 3. d4 cxd4 4. Nxd4 Nf6 5. Nc3 e6 6. Be2 a6 7. a4 Nc6 8. Be3 Be7 9. 0-0 0-0 10. f4 Qc7 11. Kh1 Bd7 12. Nb3 b6 13. Bf3 Rab8 14. Qe2 Na5 15. Nd2 Bc8 16. g4 Bb7 17. g5 Nd7 18. Bg2 Rfe8 19. Qh5 g6 20. Qh4 Nc4 21. Nxc4 Qxc4 22. Rad1 f5 23. Rd4 Qc7 24. Qh3 Bf8 25. Rfd1 Rbd8 26. exf5 gxf5 27. R4d2 Nc5 28. Bd4 Bxg2+ 29. Rxg2 Bg7 30. b4 Ne4 31. Nxe4 fxe4 32. Qe3 Bxd4 33. Qxd4 d5 34. g6 h6 35. g7 e5 36. fxe5 Qxe5 37. Qxb6 Rd6 38. Qg1 e3 39. Rf1 Qe4 40. h3 Rg6 41. Kh2 Kxg7 42. Rxg6+ Qxg6 43. Qxg6+ Kxg6 44. Kg3 Re4 45. c3 Rc4 46. Kf3 Rxc3 47. Rd1 Rc4 48. Rxd5 Rxb4 49. Rd6+ Kg5 50. Rxa6 Rb3 51. Re6 e2+ 52. Kg2 Rb2 53. Kf2 Ra2 54. Rxe2 Rxa4 55. Kg2 Ra3 56. Rb2 h5 1/2-1/2

[Event "Hessenliga 1415"]
[Site "Hessen"]
[Date "2015.01.25"]
[Round "5.5"]
[White "Hoeck, Raimund"]
[Black "Bahlke, Wolfgang"]
[Result "0-1"]
[WhiteElo "2017"]
[BlackElo "2146"]
[PlyCount "70"]
[EventDate "2014.09.28"]
[EventType "team-tourn"]
[EventRounds "9"]
[EventCountry "GER"]
[SourceTitle "EXT 2016"]
[Source "ChessBase"]
[SourceDate "2015.10.08"]
[SourceVersion "1"]
[SourceVersionDate "2015.10.08"]
[SourceQuality "1"]
[WhiteTeam "Griesheim II"]
[BlackTeam "Dettingen"]
[WhiteTeamCountry "GER"]
[BlackTeamCountry "GER"]

1. d4 Nf6 2. Nf3 g6 3. c4 Bg7 4. Nc3 0-0 5. e4 d6 6. h3 e5 7. d5 a5 8. Bg5 Na6 9. Be2 Qe8 10. g4 Kh8 11. Nd2 Ng8 12. 0-0 Bd7 13. a3 f5 14. f3 Bf6 15. Bxf6+ Nxf6 16. Kg2 Qe7 17. Rb1 Nc5 18. b4 axb4 19. axb4 Na4 20. Qc2 Nxc3 21. Qxc3 c6 22. Ra1 b5 23. dxc6 Bxc6 24. cxb5 Bb7 25. Bd3 Rac8 26. Qb2 d5 27. Rae1 fxe4 28. fxe4 d4 29. Rc1 Rxc1 30. Qxc1 Rc8 31. Qb1 Nh5 32. Kh2 Nf4 33. Nf3 Rc3 34. Ne1 Nxd3 35. Nxd3 Bxe4 0-1

[Event "Hessen-ch op-A"]
[Site "Frankfurt Sossenheim"]
[Date "2015.??.??"]
[Round "7"]
[White "Trumpp, Lothar"]
[Black "Bahlke, Wolfgang"]
[Result "0-1"]
[WhiteElo "2050"]
[BlackElo "2146"]
[PlyCount "106"]
[EventDate "2015.05.13"]
[EventType "swiss"]
[EventRounds "7"]
[EventCountry "GER"]
[SourceTitle "EXT 2016"]
[Source "ChessBase"]
[SourceDate "2015.10.08"]
[SourceVersion "1"]
[SourceVersionDate "2015.10.08"]
[SourceQuality "1"]

1. Nc3 c5 2. e4 a6 3. a4 d6 4. g3 Nc6 5. Bg2 g6 6. d3 Bg7 7. Nf3 Nf6 8. 0-0 0-0 9. h3 Rb8 10. Be3 b5 11. axb5 axb5 12. Qd2 Re8 13. Rfe1 b4 14. Nd1 Bb7 15. Bh6 Bh8 16. Ne3 e6 17. Bg5 Qc7 18. Rab1 Ra8 19. Nc4 Na5 20. Ne3 Bg7 21. Nf1 b3 22. c3 c4 23. Bxf6 Bxf6 24. d4 e5 25. d5 Ba6 26. Ne3 Bg7 27. Ng4 h5 28. Ne3 Bh6 29. Qe2 Nb7 30. g4 Nc5 31. gxh5 Nd3 32. Ng4 Kg7 33. Nxh6 Kxh6 34. Qe3+ Nf4 35. Kh2 g5 36. Kh1 f6 37. Nh2 Bc8 38. Bf1 Kxh5 39. Qg3 Kg6 40. Nf3 Rh8 41. Ng1 Bd7 42. Re3 Rh6 43. Rf3 Rah8 44. Rxf4 exf4 45. Qf3 Qc8 46. Kh2 Bg4 47. Qg2 Bxh3 48. Nxh3 Rxh3+ 49. Qxh3 Rxh3+ 50. Bxh3 g4 51. Bxg4 Qxg4 52. Rg1 Kh5 53. Rxg4 Kxg4 0-1

[Event "Hessenliga 1415"]
[Site "Hessen"]
[Date "2014.11.16"]
[Round "3.7"]
[White "Kierzek, Mira"]
[Black "Bahlke, Wolfgang"]
[Result "0-1"]
[WhiteElo "2024"]
[BlackElo "2146"]
[PlyCount "68"]
[EventDate "2014.09.28"]
[EventType "team-tourn"]
[EventRounds "9"]
[EventCountry "GER"]
[SourceTitle "EXT 2016"]
[Source "ChessBase"]
[SourceDate "2015.10.08"]
[SourceVersion "1"]
[SourceVersionDate "2015.10.08"]
[SourceQuality "1"]
[WhiteTeam "Fulda"]
[BlackTeam "Dettingen"]
[WhiteTeamCountry "GER"]
[BlackTeamCountry "GER"]

1. d4 Nf6 2. c4 g6 3. Nc3 Bg7 4. e4 d6 5. f3 0-0 6. Be3 Nc6 7. Nge2 a6 8. Qd2 Rb8 9. Rc1 Bd7 10. b3 b5 11. Ng3 b4 12. Nd1 e5 13. d5 Nd4 14. Ne2 Re8 15. Nf2 c5 16. dxc6 Bxc6 17. Nxd4 exd4 18. Bg5 Qa5 19. Be2 Nh5 20. Nd3 f5 21. exf5 Qxf5 22. Kf2 Nf6 23. Qf4 Qe6 24. Qd2 Rf8 25. Kg1 d5 26. h3 dxc4 27. Rxc4 Bb5 28. Rxd4 Rbe8 29. Nf4 Qb6 30. Bxb5 axb5 31. Kh2 Ng4+ 32. fxg4 Bxd4 33. Nd5 Qd6+ 34. Nf4 Bg1+ 0-1

[Event "Hessenliga 1415"]
[Site "Hessen"]
[Date "2014.09.28"]
[Round "1.7"]
[White "Medvedovski, Michael"]
[Black "Bahlke, Wolfgang"]
[Result "1-0"]
[WhiteElo "1957"]
[BlackElo "2146"]
[PlyCount "103"]
[EventDate "2014.09.28"]
[EventType "team-tourn"]
[EventRounds "9"]
[EventCountry "GER"]
[SourceTitle "EXT 2016"]
[Source "ChessBase"]
[SourceDate "2015.10.08"]
[SourceVersion "1"]
[SourceVersionDate "2015.10.08"]
[SourceQuality "1"]
[WhiteTeam "Frankfurt TV"]
[BlackTeam "Dettingen"]
[WhiteTeamCountry "GER"]
[BlackTeamCountry "GER"]

1. e4 c5 2. Nf3 d6 3. d4 cxd4 4. Nxd4 Nf6 5. Nc3 e6 6. Be2 a6 7. Be3 Qc7 8. 0-0 b5 9. Nb3 Bb7 10. Bf3 Be7 11. a3 0-0 12. Qe2 Nbd7 13. Rfd1 Ne5 14. Bf4 Nxf3+ 15. Qxf3 Rfd8 16. Qe2 e5 17. Bg5 Rac8 18. Bxf6 Bxf6 19. Nc1 Qc4 20. Kf1 d5 21. Qxc4 dxc4 22. N1a2 Rd4 23. f3 Rcd8 24. Nb4 Rxd1+ 25. Rxd1 Rxd1+ 26. Nxd1 a5 27. Nd5 Bxd5 28. exd5 Be7 29. Nc3 b4 30. axb4 axb4 31. Ne4 Kf8 32. Nd2 c3 33. bxc3 bxc3 34. Nc4 f5 35. Nxe5 Bd6 36. f4 g5 37. g3 gxf4 38. gxf4 Ba3 39. Ke2 Ke7 40. Kd3 Bc1 41. Kxc3 Bxf4 42. Nf3 Kd6 43. Kd4 Bc1 44. Nh4 Bb2+ 45. c3 f4 46. Nf3 Bc1 47. Ne5 Be3+ 48. Ke4 Bg1 49. h3 Bh2 50. Nd3 Bg3 51. c4 Bh2 52. c5+ 1-0

[Event "Griesheim op"]
[Site "Griesheim"]
[Date "2011.05.??"]
[Round "4"]
[White "Bahlke, Wolfgang"]
[Black "Plattner, Rolf"]
[Result "1-0"]
[WhiteElo "2131"]
[BlackElo "1919"]
[PlyCount "39"]
[EventDate "2011.05.??"]
[EventType "swiss"]
[EventRounds "5"]
[EventCountry "GER"]
[SourceTitle "CBM 142 Extra"]
[Source "ChessBase"]
[SourceDate "2011.06.27"]
[SourceVersion "1"]
[SourceVersionDate "2011.06.27"]
[SourceQuality "1"]

1. Nf3 Nf6 2. b3 d5 3. Bb2 Bg4 4. e3 e6 5. h3 Bxf3 6. Qxf3 Nbd7 7. d3 Bd6 8. g3 0-0 9. Bg2 c6 10. 0-0 e5 11. Nd2 Qe7 12. a4 a5 13. e4 dxe4 14. Nxe4 Nxe4 15. Qxe4 f5 16. Qe1 Rae8 17. Qxa5 Bb4 18. Qa7 Nc5 19. Qb6 Ra8 20. Qxb4 1-0

[Event "Griesheim op"]
[Site "Griesheim"]
[Date "2011.05.??"]
[Round "1"]
[White "Nagel, Erwin"]
[Black "Bahlke, Wolfgang"]
[Result "0-1"]
[WhiteElo "1687"]
[BlackElo "2131"]
[PlyCount "62"]
[EventDate "2011.05.??"]
[EventType "swiss"]
[EventRounds "5"]
[EventCountry "GER"]
[SourceTitle "CBM 142 Extra"]
[Source "ChessBase"]
[SourceDate "2011.06.27"]
[SourceVersion "1"]
[SourceVersionDate "2011.06.27"]
[SourceQuality "1"]

1. e4 c6 2. d4 d5 3. e5 Bf5 4. Nf3 e6 5. Be3 Nd7 6. Nbd2 Bg6 7. Be2 Nh6 8. c3 Nf5 9. Bf4 Qb6 10. Nb3 Be7 11. 0-0 0-0 12. Qd2 Rac8 13. g4 Nh4 14. Nxh4 Bxh4 15. g5 f6 16. Bg4 Rce8 17. exf6 gxf6 18. Bd6 Bxg5 19. f4 Bh6 20. Bxf8 Nxf8 21. Qf2 Be4 22. Bf3 Bd3 23. Rfd1 Bf5 24. Qg3+ Ng6 25. Kh1 Bxf4 26. Qf2 Bg5 27. Rg1 Kh8 28. h3 Nh4 29. Bg2 Rg8 30. Qe2 Nxg2 31. Kxg2 Be3+ 0-1

[Event "Hessenliga 0910"]
[Site "Germany"]
[Date "2009.10.04"]
[Round "2.3"]
[White "Boidman, Yuri"]
[Black "Bahlke, Wolfgang"]
[Result "1/2-1/2"]
[WhiteElo "2402"]
[BlackElo "2126"]
[PlyCount "180"]
[EventDate "2009.09.20"]
[EventType "team-tourn"]
[EventRounds "9"]
[EventCountry "GER"]
[SourceTitle "EXT 2011"]
[Source "ChessBase"]
[SourceDate "2010.11.26"]
[SourceVersion "1"]
[SourceVersionDate "2010.11.26"]
[SourceQuality "1"]
[WhiteTeam "Wiesbaden"]
[BlackTeam "Dettingen"]
[WhiteTeamCountry "GER"]
[BlackTeamCountry "GER"]

1. e4 c6 2. c4 d5 3. exd5 cxd5 4. cxd5 Nf6 5. Qa4+ Nbd7 6. Nc3 g6 7. Nf3 Bg7 8. Qb3 0-0 9. Bc4 Nc5 10. Qa3 Nce4 11. 0-0 Bg4 12. Ne5 Bf5 13. Qb3 Nd6 14. Re1 Nfe4 15. d4 Nxc4 16. Qxc4 Nd6 17. Qb3 Rc8 18. Bf4 h5 19. h3 f6 20. Nf3 g5 21. Bxd6 exd6 22. Qxb7 Rc7 23. Qa6 g4 24. hxg4 hxg4 25. Nh4 Bh7 26. Re6 f5 27. Ng6 Bxg6 28. Rxg6 Rf6 29. Rxf6 Qxf6 30. Re1 g3 31. Re8+ Kf7 32. Qe2 gxf2+ 33. Kf1 Qh6 34. Qe6+ Qxe6 35. Rxe6 Bxd4 36. Rxd6 Rc8 37. Rh6 Be3 38. Rh5 Kg6 39. Rh3 f4 40. g3 f3 41. g4 Rf8 42. Nd1 Bd4 43. b3 Kg5 44. Nxf2 Kf4 45. d6 Bb6 46. d7 Rf6 47. g5 Rd6 48. Rh4+ Kf5 49. Rh7 Ke6 50. Rh6+ Kxd7 51. Rxd6+ Kxd6 52. Ne4+ Ke6 53. g6 Bd4 54. Ng5+ Kf5 55. Nxf3 Bf6 56. Ke2 Kxg6 57. Kd3 Kf7 58. Nd4 Bh4 59. Kc4 Bf2 60. Nc2 Ke6 61. Kb5 Kd7 62. Nb4 Kc7 63. Ka6 Bg1 64. Nd3 Kb8 65. b4 Kc7 66. a4 Kb8 67. Ne5 Bf2 68. Nd7+ Ka8 69. Nc5 Bg1 70. Kb5 Kb8 71. Kc6 Kc8 72. Nd7 Bf2 73. Nc5 Be1 74. b5 Kb8 75. Nb3 Bf2 76. a5 Kc8 77. Nd2 Bg1 78. Nc4 Bf2 79. Ne5 Be1 80. Nc4 Bf2 81. Nd2 Be1 82. Nb3 Bf2 83. Nc5 Bxc5 84. Kxc5 Kc7 85. Kd5 Kb7 86. Ke6 Kb8 87. Kd6 Kb7 88. Kd7 Kb8 89. Kc6 Kc8 90. b6 a6 1/2-1/2

[Event "Hessenliga 0809"]
[Site "Germany"]
[Date "2008.09.28"]
[Round "2.6"]
[White "Foermes, Alexander"]
[Black "Bahlke, Wolfgang"]
[Result "0-1"]
[WhiteElo "2081"]
[BlackElo "2125"]
[PlyCount "70"]
[EventDate "2008.09.14"]
[EventType "team-tourn"]
[EventRounds "9"]
[EventCountry "GER"]
[SourceTitle "EXT 2011"]
[Source "ChessBase"]
[SourceDate "2010.11.26"]
[SourceVersion "1"]
[SourceVersionDate "2010.11.26"]
[SourceQuality "1"]
[WhiteTeam "Marburg"]
[BlackTeam "Dettingen"]
[WhiteTeamCountry "GER"]
[BlackTeamCountry "GER"]

1. Nf3 Nf6 2. c4 e6 3. Nc3 d5 4. d4 Be7 5. Bg5 h6 6. Bh4 0-0 7. e3 b6 8. cxd5 Nxd5 9. Bxe7 Qxe7 10. Nxd5 exd5 11. Be2 Be6 12. 0-0 c5 13. Rc1 Nd7 14. b3 Rfc8 15. Qd2 Nf6 16. Qb2 Rc7 17. Rfd1 c4 18. bxc4 dxc4 19. Ne5 Rac8 20. Qc2 b5 21. e4 b4 22. Bf3 Qd6 23. Nxf7 Rxf7 24. e5 Qb6 25. exf6 Rxf6 26. d5 Bf5 27. Qe2 c3 28. Qe3 a5 29. Qe7 Rd8 30. Re1 Rf7 31. Qe3 Qd6 32. Qd4 Re7 33. Rxe7 Qxe7 34. Qb6 Re8 35. g4 Qg5 0-1

[Event "Hessenliga 0708"]
[Site "Germany"]
[Date "2008.01.20"]
[Round "5.5"]
[White "Beha, Alfred"]
[Black "Bahlke, Wolfgang"]
[Result "1/2-1/2"]
[WhiteElo "2195"]
[BlackElo "2099"]
[PlyCount "21"]
[EventDate "2007.09.30"]
[EventType "team-tourn"]
[EventRounds "9"]
[EventCountry "GER"]
[SourceTitle "EXT 2009"]
[Source "ChessBase"]
[SourceDate "2008.11.26"]
[SourceVersion "1"]
[SourceVersionDate "2008.11.26"]
[SourceQuality "1"]
[WhiteTeam "Frankfurt BvK II"]
[BlackTeam "Dettingen"]
[WhiteTeamCountry "GER"]
[BlackTeamCountry "GER"]

1. d4 d5 2. c4 e6 3. Nc3 Nf6 4. cxd5 exd5 5. Bg5 Be7 6. e3 0-0 7. Bd3 Re8 8. Nge2 Nbd7 9. Qc2 c6 10. 0-0-0 Qa5 11. Kb1 1/2-1/2

[Event "Hessenliga 0708"]
[Site "Germany"]
[Date "2007.12.16"]
[Round "4.4"]
[White "Dubinski, Leonid"]
[Black "Bahlke, Wolfgang"]
[Result "1-0"]
[WhiteElo "2150"]
[BlackElo "2099"]
[PlyCount "125"]
[EventDate "2007.09.30"]
[EventType "team-tourn"]
[EventRounds "9"]
[EventCountry "GER"]
[SourceTitle "EXT 2009"]
[Source "ChessBase"]
[SourceDate "2008.11.26"]
[SourceVersion "1"]
[SourceVersionDate "2008.11.26"]
[SourceQuality "1"]
[WhiteTeam "Baunatal"]
[BlackTeam "Dettingen"]
[WhiteTeamCountry "GER"]
[BlackTeamCountry "GER"]

1. e4 c5 2. Nf3 d6 3. d4 cxd4 4. Nxd4 Nf6 5. Nc3 e6 6. Be2 a6 7. 0-0 Be7 8. Be3 Qc7 9. f4 0-0 10. Bf3 Nc6 11. Kh1 Bd7 12. Qe1 Nxd4 13. Bxd4 e5 14. fxe5 dxe5 15. Qg3 Bd6 16. Be3 Be6 17. Bh6 Ne8 18. Bg4 Bc4 19. Bf5 Kh8 20. Be3 g6 21. Bg4 Bxf1 22. Rxf1 f5 23. exf5 gxf5 24. Rxf5 Ng7 25. Rxf8+ Rxf8 26. Qe1 Nf5 27. Bg1 Qg7 28. Qd1 Rg8 29. Bf3 Nd4 30. Bd5 Rd8 31. Qd3 Bb4 32. Qe4 Bxc3 33. bxc3 Ne2 34. c4 Nxg1 35. Kxg1 Qf6 36. g3 Rf8 37. Qe2 b6 38. Kg2 Qd6 39. a4 Re8 40. Qh5 Rf8 41. Be4 h6 42. Bd5 Qf6 43. Qe2 Qg5 44. h4 Qg7 45. Qe3 Qf6 46. Qe2 Re8 47. Qh5 Re7 48. Qg4 Re8 49. Qh5 Rf8 50. Qe2 Qd6 51. Qe4 Rd8 52. Bb7 a5 53. Bd5 b5 54. axb5 a4 55. b6 Re8 56. b7 a3 57. c5 Qc7 58. Qg6 Rb8 59. Qxh6+ Qh7 60. Qxh7+ Kxh7 61. c6 e4 62. c7 Rxb7 63. c8Q 1-0